000 00691nam a2200241Ia 4500
003 OSt
005 20220927104854.0
006 a|||||r|||| 00| 0
007 ta
008 220926b |||||||| |||| 00| 0 eng d
024 _a194223
037 _cReference Collections
040 _aRTL
_cRTL
_beng
041 _2eng
_aeng
082 _a"Y:5.2973sP11, Q2"
100 _aCENSUS OF INDIA 2011
_9367934
245 0 _aProvisional Population Totals
_b Manipur
260 _aManipur
_bGovt. Press India
_c2011
300 _a"xiv,42p"
_ccm.
490 _vPaper I
_a15
942 _h"Y:5.2973sP11, Q2"
_cCC
999 _c689118
_d689118